Chuck Close (Record no. 196)
[ view plain ]
| 000 -LEADER | |
|---|---|
| fixed length control field | 02084cgm a2200493 a 4500 |
| 003 - CONTROL NUMBER IDENTIFIER | |
| control field | data |
| 005 - DATE AND TIME OF LATEST TRANSACTION | |
| control field | 20260322212010.0 |
| 007 - PHYSICAL DESCRIPTION FIXED FIELD--GENERAL INFORMATION | |
| fixed length control field | data |
| 008 - FIXED-LENGTH DATA ELEMENTS--GENERAL INFORMATION | |
| fixed length control field | data |
| 020 ## - INTERNATIONAL STANDARD BOOK NUMBER | |
| International Standard Book Number | 0780027744 |
| 020 ## - INTERNATIONAL STANDARD BOOK NUMBER | |
| International Standard Book Number | 9780780027749 |
| 024 1# - OTHER STANDARD IDENTIFIER | |
| Standard number or code | 037429184325 |
| 028 42 - PUBLISHER OR DISTRIBUTOR NUMBER | |
| Publisher or distributor number | CLO 110 |
| Source | Home Vision Entertainment |
| 037 ## - SOURCE OF ACQUISITION | |
| Stock number | http://www.midwesttapes.com |
| Source of stock number/acquisition | Midwest Tapes |
| 040 ## - CATALOGING SOURCE | |
| Original cataloging agency | NAB |
| Transcribing agency | NAB |
| Modifying agency | NNU |
| -- | OCL |
| -- | DST |
| -- | NNU |
| 043 ## - GEOGRAPHIC AREA CODE | |
| Geographic area code | n-us-ny |
| -- | n-us-ny |
| 050 14 - LIBRARY OF CONGRESS CALL NUMBER | |
| Classification number | ND1329.C54 |
| Item number | C48 2003 |
| 082 04 - DEWEY DECIMAL CLASSIFICATION NUMBER | |
| Classification number | B |
| -- | B |
| Edition information | 23 |
| 090 ## - LOCALLY ASSIGNED LC-TYPE CALL NUMBER (OCLC); LOCAL CALL NUMBER (RLIN) | |
| Classification number (OCLC) (R) ; Classification number, CALL (RLIN) (NR) | DVD 759.13 C483 |
| 001 - CONTROL NUMBER | |
| control field | data |
| 245 10 - TITLE STATEMENT | |
| Title | Chuck Close |
| Medium | [videorecording] : |
| Remainder of title | a portrait in progress / |
| Statement of responsibility, etc. | Chuck Close ... [et al.]. |
| 246 30 - VARYING FORM OF TITLE | |
| Title proper/short title | Portrait in progress |
| 260 ## - PUBLICATION, DISTRIBUTION, ETC. | |
| Place of publication, distribution, etc. | [Chicago, IL] : |
| Name of publisher, distributor, etc. | Home Vision Entertainment, |
| Date of publication, distribution, etc. | c2003. |
| 300 ## - PHYSICAL DESCRIPTION | |
| Extent | 1 videodisc (57 min.) : |
| Other physical details | sd., col. ; |
| Dimensions | 4 3/4 in. |
| 500 ## - GENERAL NOTE | |
| General note | Originally produced in 1997. |
| 505 0# - FORMATTED CONTENTS NOTE | |
| Formatted contents note | Self portrait -- Beat of the grid -- A father's influence -- I was de Kooning -- Post abstract figurative -- Classical Close -- Concept of process -- The face is a roadmap -- The sum of the parts -- Doctors are strange -- Images of fellow artists -- A system of his own -- End credits. |
| 508 ## - CREATION/PRODUCTION CREDITS NOTE | |
| Creation/production credits note | Producer/director/writer, Marion Cajori ; music, Philip Glass. |
| 520 ## - SUMMARY, ETC. | |
| Summary, etc. | Traces Close's painterly evolution from his first series of black-and-white heads. Follows him into the contemporary art community of New York where he encounters other artists. |
| 521 8# - TARGET AUDIENCE NOTE | |
| Target audience note | MPAA rating: Not rated. |
| 538 ## - SYSTEM DETAILS NOTE | |
| System details note | DVD. |
| 546 ## - LANGUAGE NOTE | |
| Language note | Closed-captioned for the hearing impaired. |
| 600 10 - SUBJECT ADDED ENTRY--PERSONAL NAME | |
| Personal name | Close, Chuck, |
| Dates associated with a name | 1940- |
| 650 #0 - SUBJECT ADDED ENTRY--TOPICAL TERM | |
| Topical term or geographic name entry element | Portrait painters |
| Form subdivision | Biography. |
| Geographic subdivision | United States |
| 650 #0 - SUBJECT ADDED ENTRY--TOPICAL TERM | |
| Topical term or geographic name entry element | Portrait painting |
| Geographic subdivision | New York. |
| -- | New York. |
| 650 #0 - SUBJECT ADDED ENTRY--TOPICAL TERM | |
| Topical term or geographic name entry element | Biographical television programs. |
| 650 #0 - SUBJECT ADDED ENTRY--TOPICAL TERM | |
| Topical term or geographic name entry element | Video recordings for the hearing impaired. |
| 700 1# - ADDED ENTRY--PERSONAL NAME | |
| Personal name | Close, Chuck, |
| Dates associated with a name | 1940- |
| 700 1# - ADDED ENTRY--PERSONAL NAME | |
| Personal name | Cajori, Marion. |
| 700 1# - ADDED ENTRY--PERSONAL NAME | |
| Personal name | Glass, Philip. |
| 710 2# - ADDED ENTRY--CORPORATE NAME | |
| Corporate name or jurisdiction name as entry element | MUSE Film and Television. |
| 710 2# - ADDED ENTRY--CORPORATE NAME | |
| Corporate name or jurisdiction name as entry element | Art Kaleidoscope Foundation. |
| 710 2# - ADDED ENTRY--CORPORATE NAME | |
| Corporate name or jurisdiction name as entry element | WNET (Television station : New York, N.Y.) |
| 710 2# - ADDED ENTRY--CORPORATE NAME | |
| Corporate name or jurisdiction name as entry element | Home Vision Entertainment (Firm) |
| Withdrawn status | Lost status | Damaged status | Not for loan | Home library | Current library | Shelving location | Date acquired | Total checkouts | Full call number | Barcode | Date last seen | Price effective from | Koha item type |
|---|---|---|---|---|---|---|---|---|---|---|---|---|---|
| Centerville | Centerville | General stacks | 22/03/2026 | 759.13 B 23 | BC0010203 | 22/03/2026 | 22/03/2026 | Books |